Powerplant Technology (Record no. 594403)

000 -LEADER
fixed length control field 00346nam a22001337a 4500
020 ## - INTERNATIONAL STANDARD BOOK NUMBER
International Standard Book Number 9780070702448
040 ## - CATALOGING SOURCE
Transcribing agency NUST
082 ## - DEWEY DECIMAL CLASSIFICATION NUMBER
Classification number 621.3121 ELW
100 ## - MAIN ENTRY--PERSONAL NAME
Personal name EL-Wakil, M.M
9 (RLIN) 111617
245 ## - TITLE STATEMENT
Title Powerplant Technology
260 ## - PUBLICATION, DISTRIBUTION, ETC.
Place of publication, distribution, etc. New Dheli:
Name of publisher, distributor, etc. Mc Graw Hill,
Date of publication, distribution, etc. 2019.
650 ## - SUBJECT ADDED ENTRY--TOPICAL TERM
Topical term or geographic name entry element DME TEXTBOOK POWERPLANT TECHNOLOGY
9 (RLIN) 111618
942 ## - ADDED ENTRY ELEMENTS (KOHA)
Source of classification or shelving scheme
Koha item type Book
Holdings
Withdrawn status Lost status Source of classification or shelving scheme Damaged status Not for loan Permanent Location Current Location Shelving location Date acquired Total Checkouts Full call number Barcode Date last seen Price effective from Koha item type
          College of Electrical & Mechanical Engineering (CEME) College of Electrical & Mechanical Engineering (CEME) Reference 03/31/2023   621.3121 ELW CEME-48412 03/31/2023 03/31/2023 Book
          College of Electrical & Mechanical Engineering (CEME) College of Electrical & Mechanical Engineering (CEME) Reference 03/31/2023   621.3121 ELW CEME-48413 03/31/2023 03/31/2023 Book
          College of Electrical & Mechanical Engineering (CEME) College of Electrical & Mechanical Engineering (CEME) Reference 03/31/2023   621.3121 ELW CEME-48414 03/31/2023 03/31/2023 Book
          College of Electrical & Mechanical Engineering (CEME) College of Electrical & Mechanical Engineering (CEME) Reference 03/31/2023   621.3121 ELW CEME-48415 03/31/2023 03/31/2023 Book
© 2023 Central Library, National University of Sciences and Technology. All Rights Reserved.